| 000 | 00342nam a22001217a 4500 | ||
|---|---|---|---|
| 082 | _a620.11292 TRE'S | ||
| 100 |
_aSCOTT, DOUGLAS _976019 |
||
| 245 | _aTREATISE ON MATERIALS SCIENCE AND TECHNOLOGY WEAR | ||
| 260 |
_aNEWYORK _bACADEMIC PRESS _c1979 |
||
| 300 | _aVOL-13 | ||
| 650 |
_aMECHANICAL WEAR STRENGTH OF MATERIALS _976020 |
||
| 942 | _cBK | ||
| 999 |
_c581419 _d581419 |
||